Experimentos de química general e inorg nica / Xorge Alejandro.Domínguez. (Registro nro. 21113)
[ vista simple ]
| 000 -LÍDER | |
|---|---|
| fixed length control field | 00476nam a2200133 4500 |
| 008 - ELEMENTOS DE LONGITUD FIJA -- INFORMACIÓN GENERAL | |
| fixed length control field | 0 1972 0a 000 0MEX |
| 082 ## - NUMERO DE CLASIFICACION DECIMAL DEWEY | |
| Número de Clasificación | 546.072.4 D439e |
| 100 ## - ASIENTO PRINCIPAL--NOMBRE PERSONAL | |
| Nombre personal | Domínguez,Xorge Alejandro |
| 245 ## - TÍTULO | |
| Título | Experimentos de química general e inorg nica / Xorge Alejandro.Domínguez. |
| 260 ## - PUBLICACIÓN, DISTRIBUCIÓN, ETC. (PIE DE IMPRENTA) | |
| Lugar de publicación, distribución, etc. | México : Limusa |
| 300 ## - DESCRIPCIÓN FÍSICA | |
| Extensión | 170p. / 27cm. |
| 500 ## - NOTA GENERAL | |
| Nota general | Incluye Ap‚ndices,indice alfab‚tico. |
| 650 ## - ASIENTO SECUNDARIO DE MATERIA - TERMINO TEMÁTICO | |
| Término temático o nombre geográfico como elemento de entrada | 1.QUIMICA-EXPERIMENTOS 2.QUIMICA INORGANICA-EXPERIMENTOS |
| No. biblioteca | No. biblioteca | Número de clasificación | Código de barras/Número de adquisición | Número de copia | Tipo de material |
|---|---|---|---|---|---|
| LUIS G. INCLAN | LUIS G. INCLAN | 546.072.4 D439e | 4584 | 2 | Libros |
| LUIS G. INCLAN | LUIS G. INCLAN | 546.072.4 D439e | 4585 | 3 | Libros |
| LUIS G. INCLAN | LUIS G. INCLAN | 546.072.4 D439e | 4583 | 1 | Libros |
